[Event "CZE-ch U10 2020"]
[Site "Kouty nad Desnou"]
[Date "2020.03.08"]
[Round "2.6"]
[White "Bulawa, Adam"]
[Black "Svadlenka, Dominik"]
[Result "0-1"]
[WhiteElo "1014"]
[BlackElo "1410"]
[Annotator "NA"]
[PlyCount "72"]
[EventDate "2020.03.07"]
[EventCountry "CZE"]
[SourceTitle "playchess.com"]
[Source "ChessBase"]
[SourceQuality "1"]
[TimeControl "5400+30"]

1. e4 {[%emt 0:00:00]} c6 {[%emt 0:00:00]} 2. d4 {[%emt 0:00:00]} d5 {[%emt 0:00:00]} 3. exd5 {[%emt 0:00:00]} cxd5 4. Nc3 {[%emt 0:00:06]} Nc6 {[%emt 0:00:28]} 5. Nf3 {[%emt 0:00:14]} Bg4 {[%emt 0:00:37]} 6. h3 {[%emt 0:00:40]} Bh5 {[%emt 0:00:20]} 7. g4 Bg6 {[%emt 0:00:21]} 8. Ne5 {[%emt 0:01:29]} Nf6 {[%emt 0:03:05]} 9. Nxc6 bxc6 10. f3 {[%emt 0:02:59]} Qc7 {[%emt 0:01:09]} 11. Be3 {[%emt 0:01:19]} e6 {[%emt 0:02:24]} 12. a3 {[%emt 0:01:21]} Rb8 {[%emt 0:01:33]} 13. b4 {[%emt 0:00:54]} Bd6 {[%emt 0:02:00]} 14. Qd2 O-O 15. b5 {[%emt 0:02:36]} c5 {[%emt 0:10:55]} 16. dxc5 {[%emt 0:02:25]} Bxc5 {[%emt 0:00:25]} 17. Bf4 {[%emt 0:03:59]} e5 {[%emt 0:01:09]} 18. Bh2 {[%emt 0:01:46]} Bd4 {[%emt 0:00:17]} 19. O-O-O {[%emt 0:12:24]} Bxc3 {[%emt 0:01:08]} 20. Qe2 {[%emt 0:00:51]} Rfc8 {[%emt 0:01:18]} 21. Kb1 {[%emt 0:00:48]} a6 {[%emt 0:04:26]} 22. Qf2 {[%emt 0:03:36]} axb5 {[%emt 0:01:16]} 23. Bd3 {[%emt 0:02:22]} Bxd3 {[%emt 0:00:39]} 24. Rxd3 {[%emt 0:00:34]} b4 {[%emt 0:00:29]} 25. axb4 {[%emt 0:04:27]} Rxb4+ {[%emt 0:01:34]} 26. Kc1 {[%emt 0:00:17]} Bd4 {[%emt 0:01:15]} 27. Qg2 {[%emt 0:00:33]} Rc4 {[%emt 0:00:15]} 28. Rd2 {[%emt 0:01:24]} Be3 {[%emt 0:00:17]} 29. Kd1 {[%emt 0:01:52]} Bxd2 {[%emt 0:00:40]} 30. Qxd2 {[%emt 0:01:03]} Rxc2 {[%emt 0:00:14]} 31. Qe3 {[%emt 0:01:25]} Rc1+ {[%emt 0:00:36]} 32. Ke2 {[%emt 0:00:15]} Qc2+ {[%emt 0:01:06]} 33. Qd2 {[%emt 0:00:19]} Qc4+ {[%emt 0:00:08]} 34. Qd3 {[%emt 0:01:10]} Rc2+ {[%emt 0:00:07]} 35. Ke1 {[%emt 0:00:13]} Qxd3 {[%emt 0:00:00]} 36. Bf4 {[%emt 0:01:03]} Qe2# 0-1

[Event "CZE-ch U10 2020"]
[Site "Kouty nad Desnou"]
[Date "2020.03.08"]
[Round "2.7"]
[White "Melnikov, Ivan"]
[Black "Popov, Roman"]
[Result "0-1"]
[WhiteElo "1253"]
[BlackElo "2353"]
[Annotator "TA"]
[PlyCount "86"]
[EventDate "2020.03.07"]
[EventCountry "CZE"]
[SourceTitle "playchess.com"]
[Source "ChessBase"]
[SourceQuality "1"]

{[%evp 13,86,12,20,0,22,0,26,-29,-34,-36,-25,-22,0,-21,-46,-48,11,-25,-29,-32,-29,-30,0,0,18,-37,-28,-340,-337,-325,-336,-318,-288,-297,-279,-281,-288,-302,-262,-257,-243,-383,-264,-238,-119,-146,-107,-143,-106,-226,-227,-350,-358,-334,-370,-329,-322,-314,-305,-1030,-193,-218,-145,-331,-324,-318,-318,-323,-315,-294,-253,-216,-199,-29972,-29972]} 1. e4 c6 2. d4 d5 3. exd5 cxd5 4. c4 Nf6 5. Nc3 Nc6 6. Nf3 Be6 7. c5 g6 8. Qb3 {B13: Caro-Kann: Exchange Variation and Panov-Botvinnik Attack.} Qc8 9. Bf4 {[#]} Nh5 $146 ({Predecessor:} 9... Bg7 10. h3 O-O 11. Rd1 Ne4 12. Bb5 Nxc5 13. dxc5 d4 14. Nd5 Qd8 15. Bc4 Rc8 {½-½ (69) Starostits,I (2418)-Kryakvin,D (2583) Berlin 2017}) 10. Be5 (10. Be3 $142) 10... f6 $11 11. Bg3 $1 Nxg3 12. hxg3 Qd7 13. Bd3 {Black should prevent Bxg6+!} Bf7 $1 14. O-O-O O-O-O ({Black should try} 14... Bg7 $15) 15. Rde1 e5 {aiming for ...e4.} 16. Bb5 $1 {[%cal Rd4e5]} e4 $36 {[%mdl 2048] Black is more active.} 17. Nd2 Qc7 18. Bxc6 Qxc6 19. Nb5 (19. Ndxe4 $11 dxe4 20. Qxf7 Rxd4 21. Rxh7 Rxh7 22. Qxh7) 19... Kb8 $15 20. Nxe4 $2 {[%mdl 8192]} (20. Kb1 $11 {and White has nothing to worry.}) 20... dxe4 $19 21. Qxf7 {Threatening Qc4.} Qxb5 22. Qxf6 {[%cal Rf6d8]} Qd7 23. Rxe4 Bg7 24. Qf4+ Ka8 25. Rd1 Rhf8 26. Qe3 {White wants to play Re7.} Qd5 27. Rh4 (27. f3 {was necessary.}) 27... Rde8 28. Qb3 Qc6 (28... Qxb3 $19 29. axb3 Rxf2 30. Rxh7 Bf6) 29. Rxh7 $17 Bf6 30. f3 Rd8 31. Qb4 (31. d5 $17 {was called for.} Qxc5+ 32. Kb1) 31... Rd5 $1 $19 32. Rd3 (32. Rd2 {might work better.}) 32... Rfd8 33. Kb1 Rxd4 ({Don't blunder} 33... Bxd4 $2 34. Rxd4 $1 {[%mdl 512]} Rxd4 35. Qxd4 $1 $18 {[%mdl 512]}) 34. Rxd4 Rxd4 (34... Bxd4 $2 {[#] perishes.} 35. Qxd4 $1 {[%mdl 512]} Qe8 36. Qe4 $18) 35. Qb3 a6 {...Rd2 is the strong threat.} 36. Qb6 $2 (36. Rf7) 36... Qxb6 $2 (36... Qd5 {( -> ...Rd1+)} 37. Qxb7+ Qxb7 38. Rxb7 Kxb7) 37. cxb6 {[%mdl 4096] Endgame KRB-KR} Rb4 38. Rh6 $2 (38. b3 $17) 38... Rxb2+ {[%mdl 64] Double Attack} 39. Kc1 Rxb6 {Strongly threatening ...Bg5+.} 40. Kd1 Be5 41. f4 Bd4 42. g4 Be3 43. f5 $2 (43. g3 $19) 43... Bxh6 {Accuracy: White = 44%, Black = 58%.} 0-1

[Event "CZE-ch U10 2020"]
[Site "Kouty nad Desnou"]
[Date "2020.03.08"]
[Round "2.8"]
[White "Stary, Vojtech"]
[Black "Srba, Daniel"]
[Result "1-0"]
[WhiteElo "1559"]
[BlackElo "1145"]
[Annotator "NA"]
[PlyCount "68"]
[EventDate "2020.03.07"]
[EventCountry "CZE"]
[SourceTitle "playchess.com"]
[Source "ChessBase"]
[SourceQuality "1"]
[TimeControl "5400+30"]

1. e4 {[%emt 0:00:00]} e5 {[%emt 0:00:31]} 2. Nf3 {[%emt 0:00:00]} Nc6 {[%emt 0:01:30]} 3. Nc3 {[%emt 0:00:05]} Nf6 {[%emt 0:01:52]} 4. d4 {[%emt 0:00:12]} exd4 {[%emt 0:02:20]} 5. Nxd4 {[%emt 0:00:15]} Bb4 {[%emt 0:03:43]} 6. Nxc6 {[%emt 0:01:32]} dxc6 {[%emt 0:02:01]} 7. Qxd8+ {[%emt 0:01:02]} Kxd8 {[%emt 0:00:44]} 8. f3 {[%emt 0:04:03]} Re8 {[%emt 0:02:24]} 9. Bc4 {[%emt 0:02:30]} Nxe4 {[%emt 0:06:59]} 10. fxe4 {[%emt 0:11:03]} Rxe4+ {[%emt 0:01:35]} 11. Be2 {[%emt 0:03:54]} Bg4 {[%emt 0:01:09]} 12. Kf2 {[%emt 0:04:56]} Bxc3 {[%emt 0:02:50]} 13. Bxg4 {[%emt 0:03:53]} Bxb2 {[%emt 0:02:44]} 14. Bxb2 {[%emt 0:01:04]} Rxg4 {[%emt 0:00:07]} 15. Rad1+ {[%emt 0:00:51]} Kc8 {[%emt 0:01:14]} 16. Rhe1 {[%emt 0:01:34]} b6 {[%emt 0:00:09]} 17. Re8+ {[%emt 0:01:30]} Kb7 {[%emt 0:00:15]} 18. Rxa8 {[%emt 0:00:44]} Kxa8 {[%emt 0:02:04]} 19. a3 {[%emt 0:09:51]} Kb7 {[%emt 0:02:16]} 20. Rd7 {[%emt 0:02:59]} f6 {[%emt 0:01:17]} 21. Rd4 {[%emt 0:02:55]} Rxd4 {[%emt 0:04:45]} 22. Bxd4 {[%emt 0:00:31]} c5 {[%emt 0:00:04]} 23. Bb2 {[%emt 0:00:44]} a5 {[%emt 0:00:37]} 24. Ke3 {[%emt 0:01:52]} Kc6 {[%emt 0:00:31]} 25. c4 {[%emt 0:01:51]} Kd6 {[%emt 0:00:14]} 26. Ke4 {[%emt 0:00:41]} Ke6 {[%emt 0:00:10]} 27. Bc3 {[%emt 0:01:43]} c6 {[%emt 0:00:45]} 28. g3 {[%emt 0:02:39]} b5 {[%emt 0:00:56]} 29. Bxa5 {[%emt 0:00:41]} g6 {[%emt 0:01:05]} 30. h3 {[%emt 0:02:59]} g5 {[%emt 0:03:38]} 31. g4 {[%emt 0:01:28]} h5 {[%emt 0:02:56]} 32. Bc3 {[%emt 0:03:57]} bxc4 {[%emt 0:02:59]} 33. a4 {[%emt 0:00:45]} Kd7 {[%emt 0:00:18]} 34. gxh5 {[%emt 0:00:20]} Ke8 1-0

[Event "CZE-ch U10 2020"]
[Site "Kouty nad Desnou"]
[Date "2020.03.08"]
[Round "2.9"]
[White "Letal, Hynek"]
[Black "Svadlenka, Michal"]
[Result "0-1"]
[WhiteElo "1127"]
[BlackElo "1309"]
[Annotator "NA"]
[PlyCount "52"]
[EventDate "2020.03.07"]
[EventCountry "CZE"]
[SourceTitle "playchess.com"]
[Source "ChessBase"]
[SourceQuality "1"]
[TimeControl "5400+30"]

1. e4 {[%emt 0:00:00]} c5 {[%emt 0:00:00]} 2. Nf3 {[%emt 0:00:00]} d6 {[%emt 0:00:16]} 3. d4 {[%emt 0:00:00]} cxd4 {[%emt 0:00:32]} 4. Nxd4 {[%emt 0:00:10]} Nf6 {[%emt 0:00:17]} 5. Nc3 {[%emt 0:00:10]} g6 {[%emt 0:00:21]} 6. Be3 {[%emt 0:00:54]} Bg7 {[%emt 0:00:27]} 7. f3 {[%emt 0:00:45]} O-O {[%emt 0:00:39]} 8. Qd2 {[%emt 0:00:54]} Nc6 {[%emt 0:00:24]} 9. Bc4 {[%emt 0:01:00]} Bd7 {[%emt 0:00:54]} 10. Bb3 {[%emt 0:00:30]} Rb8 {[%emt 0:03:31]} 11. h4 {[%emt 0:01:48]} h5 {[%emt 0:01:00]} 12. O-O-O {[%emt 0:01:42]} b5 {[%emt 0:00:57]} 13. Nxc6 {[%emt 0:02:33]} Bxc6 {[%emt 0:00:23]} 14. Bh6 {[%emt 0:00:54]} a5 {[%emt 0:02:11]} 15. Bxg7 {[%emt 0:03:03]} Kxg7 {[%emt 0:00:30]} 16. g4 {[%emt 0:00:42]} a4 {[%emt 0:00:44]} 17. Bd5 {[%emt 0:01:01]} b4 {[%emt 0:08:24]} 18. Ne2 Bxd5 {[%emt 0:01:17]} 19. exd5 {[%emt 0:04:39]} b3 {[%emt 0:02:17]} 20. a3 {[%emt 0:00:13]} bxc2 {[%emt 0:01:04]} 21. Kxc2 {[%emt 0:00:37]} Qb6 {[%emt 0:02:04]} 22. Kb1 {[%emt 0:00:48]} Qb3 {[%emt 0:04:57]} 23. g5 Nxd5 {[%emt 0:04:08]} 24. f4 {[%emt 0:11:12]} Rfc8 {[%emt 0:01:06]} 25. Nd4 {[%emt 0:08:44]} Nc3+ {[%emt 0:01:56]} 26. Ka1 {[%emt 0:00:13]} Qa2# {[%emt 0:00:15]} 0-1

[Event "CZE-ch U10 2020"]
[Site "Kouty nad Desnou"]
[Date "2020.03.08"]
[Round "2.10"]
[White "Soucek, Andrej"]
[Black "Policar, Martin"]
[Result "0-1"]
[WhiteElo "1043"]
[BlackElo "1264"]
[Annotator "NA"]
[PlyCount "152"]
[EventDate "2020.03.07"]
[EventCountry "CZE"]
[SourceTitle "playchess.com"]
[Source "ChessBase"]
[SourceQuality "1"]
[TimeControl "5400+30"]

1. e4 {[%emt 0:00:00]} e5 {[%emt 0:00:00]} 2. Nf3 {[%emt 0:00:01]} Nc6 {[%emt 0:00:17]} 3. d4 {[%emt 0:00:35]} exd4 {[%emt 0:00:12]} 4. Nxd4 {[%emt 0:00:25]} Bc5 {[%emt 0:00:30]} 5. Nb3 {[%emt 0:01:35]} Bb6 {[%emt 0:01:19]} 6. Nc3 {[%emt 0:01:29]} d6 {[%emt 0:02:03]} 7. Bd3 {[%emt 0:00:48]} Nf6 {[%emt 0:01:54]} 8. O-O {[%emt 0:01:23]} Bg4 {[%emt 0:00:44]} 9. Be2 {[%emt 0:01:28]} Bxe2 {[%emt 0:00:54]} 10. Qxe2 {[%emt 0:00:21]} O-O {[%emt 0:01:49]} 11. Bf4 {[%emt 0:02:35]} Re8 {[%emt 0:01:14]} 12. Qf3 {[%emt 0:03:36]} Qe7 {[%emt 0:03:22]} 13. Rfe1 {[%emt 0:05:33]} d5 {[%emt 0:00:53]} 14. e5 {[%emt 0:02:43]} Rad8 {[%emt 0:00:53]} 15. Rad1 {[%emt 0:02:40]} Nb4 {[%emt 0:02:33]} 16. Qe2 {[%emt 0:03:17]} Nd7 {[%emt 0:04:16]} 17. Nxd5 {[%emt 0:01:27]} Nxd5 {[%emt 0:01:58]} 18. Rxd5 {[%emt 0:00:40]} c6 {[%emt 0:00:49]} 19. Rd2 {[%emt 0:01:44]} Bc7 {[%emt 0:02:31]} 20. Qh5 {[%emt 0:01:23]} f6 {[%emt 0:00:50]} 21. Rde2 {[%emt 0:02:03]} fxe5 {[%emt 0:01:51]} 22. Bg5 {[%emt 0:01:28]} Nf6 {[%emt 0:00:37]} 23. Bxf6 {[%emt 0:01:08]} Qxf6 {[%emt 0:00:26]} 24. Re3 {[%emt 0:01:15]} Rf8 {[%emt 0:01:38]} 25. Rf3 {[%emt 0:00:43]} Qe6 {[%emt 0:01:26]} 26. Rxf8+ {[%emt 0:01:15]} Rxf8 {[%emt 0:00:19]} 27. Qe2 {[%emt 0:03:15]} Qf6 {[%emt 0:01:39]} 28. Rf1 {[%emt 0:02:09]} Qh6 {[%emt 0:01:23]} 29. h3 {[%emt 0:00:51]} Qf4 {[%emt 0:00:47]} 30. Qg4 {[%emt 0:00:51]} Qxg4 {[%emt 0:00:50]} 31. hxg4 {[%emt 0:00:16]} Rf4 {[%emt 0:00:35]} 32. f3 {[%emt 0:00:22]} Bb6+ {[%emt 0:00:09]} 33. Kh2 {[%emt 0:00:17]} e4 {[%emt 0:00:34]} 34. Kg3 {[%emt 0:00:28]} Bc7 {[%emt 0:00:37]} 35. Kf2 {[%emt 0:00:19]} Bb6+ {[%emt 0:01:11]} 36. Kg3 {[%emt 0:00:23]} Rf7 {[%emt 0:00:23]} 37. Re1 {[%emt 0:01:01]} e3 {[%emt 0:00:35]} 38. Kh2 {[%emt 0:01:19]} Re7 {[%emt 0:00:31]} 39. Nc1 {[%emt 0:00:22]} Bc7+ {[%emt 0:00:27]} 40. g3 {[%emt 0:00:24]} Ba5 {[%emt 0:00:30]} 41. Re2 {[%emt 0:00:30]} Bd2 {[%emt 0:00:39]} 42. Nd3 {[%emt 0:00:30]} Rc7 {[%emt 0:05:01]} 43. Nc5 {[%emt 0:01:00]} Rf7 {[%emt 0:01:02]} 44. Kg2 {[%emt 0:00:24]} Kf8 {[%emt 0:00:41]} 45. Nb3 {[%emt 0:00:09]} Rd7 {[%emt 0:00:45]} 46. c3 {[%emt 0:00:55]} b6 {[%emt 0:03:04]} 47. f4 {[%emt 0:00:37]} c5 {[%emt 0:00:19]} 48. Kf3 {[%emt 0:00:25]} c4 {[%emt 0:00:36]} 49. Nd4 {[%emt 0:00:17]} a6 {[%emt 0:03:28]} 50. a4 {[%emt 0:00:46]} Rd5 {[%emt 0:00:43]} 51. Ne6+ {[%emt 0:01:25]} Kg8 {[%emt 0:00:32]} 52. Nd4 {[%emt 0:00:58]} g6 {[%emt 0:00:39]} 53. Rg2 {[%emt 0:00:36]} Ra5 {[%emt 0:03:48]} 54. Rg1 {[%emt 0:00:25]} Rxa4 {[%emt 0:00:33]} 55. Rb1 {[%emt 0:00:38]} b5 {[%emt 0:00:38]} 56. Ke2 {[%emt 0:00:32]} b4 {[%emt 0:00:17]} 57. cxb4 {[%emt 0:00:54]} Rxb4 {[%emt 0:00:18]} 58. Nc2 {[%emt 0:00:10]} Rb3 {[%emt 0:01:14]} 59. Nd4 {[%emt 0:00:24]} Rd3 {[%emt 0:00:24]} 60. Nc2 {[%emt 0:00:28]} Kf7 {[%emt 0:01:14]} 61. Ra1 {[%emt 0:00:52]} Rb3 {[%emt 0:00:46]} 62. Rb1 {[%emt 0:00:38]} c3 {[%emt 0:01:40]} 63. g5 {[%emt 0:01:18]} Rxb2 {[%emt 0:00:13]} 64. Rxb2 {[%emt 0:00:35]} cxb2 {[%emt 0:00:34]} 65. Na3 {[%emt 0:00:06]} Ke6 {[%emt 0:00:24]} 66. g4 {[%emt 0:00:46]} a5 {[%emt 0:00:58]} 67. Kd3 {[%emt 0:00:23]} a4 {[%emt 0:00:47]} 68. Ke2 {[%emt 0:01:02]} Bb4 {[%emt 0:00:10]} 69. Nb1 {[%emt 0:00:17]} a3 {[%emt 0:00:12]} 70. Kxe3 {[%emt 0:00:17]} a2 {[%emt 0:00:28]} 71. Nd2 {[%emt 0:00:40]} Bxd2+ {[%emt 0:00:22]} 72. Kxd2 {[%emt 0:00:06]} b1=Q {[%emt 0:00:17]} 73. Ke3 {[%emt 0:00:06]} Qd1 {[%emt 0:00:10]} 74. Kf2 {[%emt 0:00:17]} a1=R {[%emt 0:00:16]} 75. Ke3 {[%emt 0:00:18]} Ra3+ {[%emt 0:00:19]} 76. Ke4 {[%emt 0:00:12]} Qa4# {Kd4 Ke5+} 0-1

[Event "CZE-ch U10 2020"]
[Site "Kouty nad Desnou"]
[Date "2020.03.08"]
[Round "2.11"]
[White "Chernyy, Andrey"]
[Black "Ruzicka, Oto"]
[Result "0-1"]
[WhiteElo "1208"]
[BlackElo "1168"]
[Annotator "NA"]
[PlyCount "64"]
[EventDate "2020.03.07"]
[EventCountry "CZE"]
[SourceTitle "playchess.com"]
[Source "ChessBase"]
[SourceQuality "1"]
[TimeControl "5400+30"]

1. e4 {[%emt 0:00:00]} e5 {[%emt 0:00:57]} 2. Nf3 {[%emt 0:00:00]} Nc6 {[%emt 0:00:19]} 3. Bc4 {[%emt 0:00:14]} Nf6 {[%emt 0:00:31]} 4. d3 {[%emt 0:00:47]} Bc5 {[%emt 0:02:38]} 5. O-O {[%emt 0:01:09]} d6 {[%emt 0:00:30]} 6. c3 {[%emt 0:00:30]} Be6 {[%emt 0:00:30]} 7. Bb3 {[%emt 0:00:30]} O-O {[%emt 0:00:30]} 8. Nbd2 {[%emt 0:00:30]} Qe7 {[%emt 0:00:30]} 9. h3 {[%emt 0:00:30]} h6 {[%emt 0:00:30]} 10. Bc2 {[%emt 0:00:30]} Rad8 {[%emt 0:15:40]} 11. Re1 {[%emt 0:10:32]} d5 {[%emt 0:00:30]} 12. exd5 {[%emt 0:00:30]} Bxd5 {[%emt 0:00:30]} 13. Nxe5 {[%emt 0:00:30]} Nxe5 {[%emt 0:00:30]} 14. d4 {[%emt 0:00:30]} Bd6 {[%emt 0:00:30]} 15. dxe5 {[%emt 0:00:30]} Bxe5 {[%emt 0:00:30]} 16. c4 {[%emt 0:00:30]} Bxc4 {[%emt 0:00:30]} 17. Bb3 {[%emt 0:00:30]} Bxb3 {[%emt 0:00:30]} 18. Qxb3 {[%emt 0:00:30]} Bh2+ {[%emt 0:00:30]} 19. Kf1 {[%emt 0:00:30]} Qc5 {[%emt 0:00:30]} 20. g3 {[%emt 0:00:30]} Rfe8 21. Rxe8+ Rxe8 {[%emt 0:15:54]} 22. Qc4 {[%emt 0:21:01]} Qf5 {[%emt 0:03:58]} 23. Kg2 {[%emt 0:02:17]} Re1 {[%emt 0:05:19]} 24. Nf3 {[%emt 0:00:56]} Bxg3 {[%emt 0:01:35]} 25. fxg3 {[%emt 0:03:10]} b5 {[%emt 0:04:09]} 26. Qc3 {[%emt 0:04:27]} Re2+ {[%emt 0:00:52]} 27. Kf1 {[%emt 0:01:14]} Ne4 {[%emt 0:01:31]} 28. Qb3 {[%emt 0:01:32]} Nxg3+ {[%emt 0:00:39]} 29. Kg1 {[%emt 0:00:26]} Qxh3 {[%emt 0:00:28]} 30. Qxf7+ {[%emt 0:03:08]} Kxf7 {[%emt 0:00:39]} 31. Ne5+ {[%emt 0:00:10]} Kg8 {[%emt 0:00:25]} 32. Ng4 {[%emt 0:00:25]} Qg2# {[%emt 0:00:15]} 0-1

[Event "CZE-ch U10 2020"]
[Site "Kouty nad Desnou"]
[Date "2020.03.08"]
[Round "2.12"]
[White "Stejskal, Jakub"]
[Black "Milek, Tobias"]
[Result "1-0"]
[WhiteElo "1557"]
[BlackElo "1163"]
[Annotator "NA"]
[PlyCount "51"]
[EventDate "2020.03.07"]
[EventCountry "CZE"]
[SourceTitle "playchess.com"]
[Source "ChessBase"]
[SourceQuality "1"]
[TimeControl "5400+30"]

1. e4 {[%emt 0:00:00]} c5 {[%emt 0:00:00]} 2. Nf3 {[%emt 0:00:00]} d6 {[%emt 0:00:00]} 3. d4 {[%emt 0:00:29]} cxd4 {[%emt 0:00:00]} 4. Nxd4 {[%emt 0:00:12]} Nf6 {[%emt 0:00:07]} 5. Nc3 {[%emt 0:00:18]} g6 {[%emt 0:00:16]} 6. Be3 {[%emt 0:00:57]} Bg7 {[%emt 0:00:15]} 7. f3 {[%emt 0:00:29]} Nc6 {[%emt 0:00:25]} 8. Bc4 {[%emt 0:04:36]} O-O {[%emt 0:00:22]} 9. Qd2 {[%emt 0:04:00]} Nxd4 {[%emt 0:01:28]} 10. Bxd4 {[%emt 0:00:39]} Bd7 {[%emt 0:01:42]} 11. O-O {[%emt 0:06:38]} Rc8 {[%emt 0:01:23]} 12. Bb3 {[%emt 0:03:34]} e6 {[%emt 0:01:27]} 13. Rad1 {[%emt 0:01:39]} b6 {[%emt 0:01:35]} 14. e5 {[%emt 0:01:30]} dxe5 {[%emt 0:00:48]} 15. Bxe5 {[%emt 0:00:31]} Bc6 {[%emt 0:00:45]} 16. Qf4 {[%emt 0:01:43]} Nh5 {[%emt 0:01:38]} 17. Rxd8 {[%emt 0:00:46]} Nxf4 {[%emt 0:00:52]} 18. Rxf8+ {[%emt 0:02:22]} Kxf8 {[%emt 0:01:18]} 19. Bxf4 {[%emt 0:00:16]} Rd8 {[%emt 0:00:14]} 20. Rd1 {[%emt 0:04:36]} Rxd1+ {[%emt 0:00:33]} 21. Nxd1 {[%emt 0:00:21]} Bd4+ {[%emt 0:00:09]} 22. Be3 {[%emt 0:01:56]} Be5 {[%emt 0:00:29]} 23. c3 {[%emt 0:03:59]} Kg8 {[%emt 0:00:37]} 24. Nf2 {[%emt 0:04:54]} Bd7 {[%emt 0:00:46]} 25. Ng4 {[%emt 0:00:35]} Bc7 {[%emt 0:00:45]} 26. Nf6+ {[%emt 0:00:34]} 1-0

[Event "CZE-ch U10 2020"]
[Site "Kouty nad Desnou"]
[Date "2020.03.09"]
[Round "3.1"]
[White "Delgerdalai, Bayarjavkhlan"]
[Black "Alidis, Myron"]
[Result "1-0"]
[WhiteElo "1553"]
[BlackElo "1395"]
[Annotator "NA RC"]
[PlyCount "119"]
[EventDate "2020.03.07"]
[EventCountry "CZE"]
[SourceTitle "playchess.com"]
[Source "ChessBase"]
[SourceQuality "1"]
[TimeControl "5400+30"]

1. e4 c5 2. Nf3 e6 3. d4 cxd4 4. Nxd4 Nf6 5. Nc3 d6 6. Be3 Be7 7. f3 O-O 8. Qd2 Nc6 9. O-O-O d5 10. Be2 Qa5 11. Nb3 Qd8 12. Kb1 dxe4 13. Qxd8 Rxd8 14. Rxd8+ Bxd8 15. fxe4 Bb6 16. Bxb6 axb6 17. Rd1 Bd7 18. h4 e5 19. Nd5 Nxd5 20. Rxd5 Rd8 21. Rb5 Nd4 22. Nxd4 Bxb5 23. Nxb5 Rd2 24. Bf3 g6 25. Kc1 Rf2 26. Nd6 Rf1+ 27. Kd2 Rh1 28. h5 gxh5 29. Nxb7 h4 30. Bg4 Kf8 31. Nd6 Rf1 32. Bh3 Ke7 33. Nc8+ Kf6 34. Nxb6 Kg5 35. Nd5 f5 36. exf5 Rf2+ 37. Ke3 Rxc2 38. f6 Kg6 39. b4 Rxa2 40. b5 Rb2 41. b6 Rb5 42. Ke4 Rxb6 43. Nxb6 Kxf6 44. Nd7+ Kg5 45. Kxe5 h6 46. Nf8 Kh5 47. Bf5 Kg5 48. Ng6 Kh5 49. Nxh4 Kxh4 50. Kf6 h5 51. Kg6 Kg3 52. Bh3 Kh4 53. Kh6 Kg3 54. Kxh5 Kf4 55. g4 Ke5 56. g5 Kd6 57. g6 Ke7 58. g7 Kf7 59. Kh6 Kg8 60. Be6# 1-0

[Event "CZE-ch U10 2020"]
[Site "Kouty nad Desnou"]
[Date "2020.03.09"]
[Round "3.2"]
[White "Gorej, Vojtech"]
[Black "Chon, Jeremy"]
[Result "1-0"]
[WhiteElo "1360"]
[BlackElo "1449"]
[Annotator "NA RC"]
[PlyCount "99"]
[EventDate "2020.03.07"]
[EventCountry "CZE"]
[SourceTitle "playchess.com"]
[Source "ChessBase"]
[SourceQuality "1"]
[TimeControl "5400+30"]

1. e4 {[%emt 0:00:00]} c5 {[%emt 0:00:00]} 2. Nf3 {[%emt 0:00:13]} g6 {[%emt 0:00:00]} 3. d4 {[%emt 0:00:56]} cxd4 {[%emt 0:00:00]} 4. Qxd4 {[%emt 0:00:10]} Nf6 {[%emt 0:00:00]} 5. e5 {[%emt 0:00:30]} Nc6 {[%emt 0:00:00]} 6. Qa4 {[%emt 0:00:35]} Nd5 {[%emt 0:00:40]} 7. Qe4 {[%emt 0:01:06]} Nc7 {[%emt 0:01:15]} 8. Bf4 Bg7 {[%emt 0:02:26]} 9. Nc3 {[%emt 0:03:53]} O-O {[%emt 0:00:58]} 10. O-O-O {[%emt 0:01:02]} Ne6 {[%emt 0:05:02]} 11. Bg3 {[%emt 0:02:27]} Nc5 {[%emt 0:06:26]} 12. Qe3 {[%emt 0:02:01]} b6 {[%emt 0:07:03]} 13. h4 {[%emt 0:02:28]} h5 {[%emt 0:11:43]} 14. Bf4 {[%emt 0:00:38]} Kh7 {[%emt 0:01:47]} 15. Ng5+ Kg8 {[%emt 0:00:39]} 16. f3 {[%emt 0:03:24]} f6 {[%emt 0:00:56]} 17. Bc4+ {[%emt 0:01:20]} Kh8 {[%emt 0:08:25]} 18. Nf7+ {[%emt 0:00:52]} Rxf7 {[%emt 0:00:05]} 19. Bxf7 {[%emt 0:00:08]} fxe5 {[%emt 0:02:34]} 20. Bh6 {[%emt 0:00:34]} Qf8 {[%emt 0:04:46]} 21. Bxg7+ {[%emt 0:00:28]} Kxg7 {[%emt 0:00:36]} 22. Bd5 {[%emt 0:00:25]} Bb7 {[%emt 0:01:42]} 23. Bxc6 {[%emt 0:00:25]} Bxc6 {[%emt 0:00:14]} 24. Qxe5+ {[%emt 0:00:12]} Kh7 {[%emt 0:00:12]} 25. Rhe1 {[%emt 0:01:00]} e6 {[%emt 0:00:45]} 26. Ne4 {[%emt 0:00:45]} Nxe4 {[%emt 0:01:00]} 27. fxe4 {[%emt 0:00:12]} Qe7 {[%emt 0:02:06]} 28. Rf1 {[%emt 0:01:49]} Rf8 {[%emt 0:01:17]} 29. g3 {[%emt 0:01:39]} Rxf1 {[%emt 0:02:54]} 30. Rxf1 {[%emt 0:00:11]} Qg7 {[%emt 0:00:33]} 31. Qxg7+ {[%emt 0:00:50]} Kxg7 {[%emt 0:00:19]} 32. e5 {[%emt 0:00:02]} a6 {[%emt 0:01:00]} 33. Kd2 {[%emt 0:00:38]} Be4 {[%emt 0:00:35]} 34. Kc3 {[%emt 0:00:19]} Kg8 {[%emt 0:01:07]} 35. Kb3 {[%emt 0:00:36]} Kg7 {[%emt 0:00:19]} 36. c4 {[%emt 0:01:14]} Kh6 {[%emt 0:01:38]} 37. Kc3 {[%emt 0:01:02]} Kg7 {[%emt 0:00:51]} 38. b4 {[%emt 0:00:28]} b5 {[%emt 0:00:36]} 39. a4 {[%emt 0:03:01]} Bc6 {[%emt 0:01:32]} 40. cxb5 {[%emt 0:00:29]} axb5 {[%emt 0:00:24]} 41. a5 {[%emt 0:00:07]} Kg8 {[%emt 0:01:07]} 42. a6 {[%emt 0:00:11]} Kg7 {[%emt 0:00:12]} 43. a7 {[%emt 0:00:09]} Kg8 {[%emt 0:00:25]} 44. Kd4 {[%emt 0:00:39]} Kg7 {[%emt 0:00:09]} 45. Kc5 {[%emt 0:00:16]} Kg8 {[%emt 0:00:40]} 46. Kd6 {[%emt 0:00:07]} Bg2 {[%emt 0:00:17]} 47. Kc7 {[%emt 0:00:25]} Kg7 {[%emt 0:00:17]} 48. Kb8 {[%emt 0:00:10]} Kg8 {[%emt 0:00:17]} 49. a8=Q {[%emt 0:00:12]} Bxa8 {[%emt 0:00:12]} 50. Kxa8 1-0